Score 0/45 Timer 05:00
0 Plays Today
Hint 4-Letter Word % Correct
Potato crisp in USCHIP
94.4%
Where a person livesHOME
93.5%
♫ Working in the ___ Mine, 1981 ♫COAL
93.3%
Capital of ItalyROME
93.3%
Cold weather outerwearCOAT
93.2%
Internet conversationCHAT
92.9%
Center of the earthCORE
92.9%
Halloween face coveringMASK
91.2%
Harry Potter's stickWAND
91.2%
♫ (I ___ Get No) Satisfaction, 1978 ♫CAN'T
90.9%
Natural sugar sourceCANE
90.2%
Strong dislikeHATE
90.1%
Nourishment, sustenanceFOOD
89.9%
Unwise, silly personFOOL
89.9%
Rabbit relativeHARE
88.9%
Roman Catholic church serviceMASS
88.7%
Natural underground chamberCAVE
88%
♫ Through Being ___, 1981 ♫COOL
87%
Informal voucherCHIT
86.8%
♫ The Day My Baby ___ Me a Surprize, 1979 ♫GAVE
86.3%
♫ Jerkin’ ___ ‘n’ Forth, 1981 ♫BACK
85.6%
Instrumental music groupBAND
85.6%
♫ Girl U ___, 1980 ♫WANT
85.4%
Hint 4-Letter Word % Correct
Painful thickened skin on toeCORN
84.1%
Land sloping down to river BANK
83%
♫ ___ Back Jonee, 1978 ♫COME
81.9%
Longest-serving MLB manager ConnieMACK
81.1%
♫ ___s of Steel, 1980 ♫GATE
80.3%
Masked mammalCOON
78.6%
♫ That’s ___, 1982 ♫GOOD
76.8%
NY NL MLB teamMETS
76.2%
Crooning singer PerryCOMO
73.4%
♫ Big ___, 1982 ♫MESS
73.2%
Enforcer in hockeyGOON
70.8%
♫ Jocko ___, 1977 ♫HOMO
69.6%
Repeated internet ideaMEME
65.1%
Short noteMEMO
64.3%
Habitual course of procedureROTE
61%
Measure out, dispenseMETE
60.2%
♫ ___ to Go, 1984 ♫HERE
58.1%
Tiny piece of a substanceMOTE
56.7%
♫ ___ It, 1980 ♫WHIP
56.7%
The smallest or slightestMERE
55.3%
Example of one's workDEMO
53.5%
♫ THE BAND ♫DEVO
43.5%

Today's Daily Dose

Remove Ads.
Support Sporcle.
Get the best of Sporcle when you Go Orange. This ad-free experience offers more features, more stats, and more fun while also helping to support Sporcle. Thank you for becoming a member.

You're not logged in!

Compare scores with friends on all Sporcle quizzes.
OR
Log In

Show Comments

Extras

Top Quizzes Today


Score Distribution

Your Account Isn't Verified!

In order to create a playlist on Sporcle, you need to verify the email address you used during registration. Go to your Sporcle Settings to finish the process.

Report this User

Report this user for behavior that violates our Community Guidelines.

Details: